000 00511nam a2200181Ia 4500
005 20260421133658.0
008 260421s9999 xx 000 0 und d
020 _a978-0134734828
082 _a658.8
_bSCH-C
100 _aSchiffman, Leon.
_aWisenblit, Joseph
245 0 _aConsumer behavior
250 _a12th Ed
260 _aUnited States of America
_bPearson Education, Inc
_c2019
300 _a509 p.
500 _aIncludes a subjects index and Credits.
650 _aBusiness Marketing
942 _cBK
999 _c47366
_d47366